Foreign aid policies reconsidered

সংরক্ষণ করুন:
গ্রন্থ-পঞ্জীর বিবরন
প্রধান লেখক: Ohlin, Goran
বিন্যাস: গ্রন্থ
ভাষা:Undetermined
প্রকাশিত: Paris Development centre of the organisation 1986
বিষয়গুলি:
ট্যাগগুলো: ট্যাগ যুক্ত করুন
কোনো ট্যাগ নেই, প্রথমজন হিসাবে ট্যাগ করুন!
Thư viện lưu trữ: Trung tâm Học liệu Trường Đại học Cần Thơ
LEADER 00584nam a2200193Ia 4500
001 CTU_105054
008 210402s9999 xx 000 0 und d
082 |a 332.1 
082 |b O.36 
100 |a Ohlin, Goran 
245 0 |a Foreign aid policies reconsidered 
245 0 |c Goran Ohlin 
260 |a Paris 
260 |b Development centre of the organisation 
260 |c 1986 
650 |a Developing countries,Economic assistance,Economics, Mathematical 
650 |x Finance,Developing countries 
904 |i Hiếu 
980 |a Trung tâm Học liệu Trường Đại học Cần Thơ